Úchvatné potápění po celém světě : poznejte nejúžasnější potápěčské lokality naší planety /

Hlavní autor: Carillet, Jean-Bernard
Korporativní autor: Svojtka & Co. (nakladatelství)
Další autoři: Leydet, Anthony, Oudon, Olivier, Quirion, Florine, Riou, Anne, Klimšová, Zuzana
Jazyk: Čeština
Vydáno: Praha : Svojtka & Co., 2025
Vydání: První české vydání
Edice: Lonely Planet (Svojtka & Co.)
Témata:
Fyzický popis: 319 stran : barevné ilustrace ; 27 cm
Knihy
Uloženo v:
LEADER 02433nam a2200625 i 4500
001 nkc20253724083
003 CZ PrNK
005 20260425125621.0
007 ta
008 251208s2025 xr a e f 001 0 cze
015 |a cnb003724083 
020 |a 978-80-256-3906-1  |q (vázáno) 
035 |a (OCoLC)1572323497 
040 |a BOA001  |b cze  |d ABA001  |e rda 
041 1 |a cze  |h fre 
043 |a x------ 
072 7 |a 797  |x Vodní sporty. Letecké sporty  |2 Konspekt  |9 20 
080 |a 913:797.215  |2 MRF 
080 |a 797.215  |2 MRF 
080 |a 574.2(26)  |2 MRF 
080 |a (100)  |2 MRF 
080 |a (036)  |2 MRF 
100 1 |a Carillet, Jean-Bernard  |7 osa2017953912  |4 aut  |4 pht 
240 1 0 |a Plongée autour du monde.  |l Česky 
245 1 0 |a Úchvatné potápění po celém světě :  |b poznejte nejúžasnější potápěčské lokality naší planety /  |c naši autoři: Jean-Bernard Carillet, Anthony Leydet, Olivier Oudon, Florine Quirion, Anne Riou ; překlad: Zuzana Klimšová 
250 |a První české vydání 
264 1 |a Praha :  |b Svojtka & Co.,  |c 2025 
300 |a 319 stran :  |b barevné ilustrace ;  |c 27 cm 
336 |a text  |b txt  |2 rdacontent 
336 |a statický obraz  |b sti  |2 rdacontent 
337 |a bez média  |b n  |2 rdamedia 
338 |a svazek  |b nc  |2 rdacarrier 
490 1 |a Lonely Planet 
500 |a Přeloženo z francouzštiny 
500 |a Obsahuje rejstřík 
650 0 7 |a potápěčské lokality  |7 ph312533  |z země světa  |2 czenas 
650 0 7 |a potápění  |7 ph115839  |z země světa  |2 czenas 
650 0 7 |a mořské biotopy  |7 ph135629  |z země světa  |2 czenas 
650 0 9 |a dive sites  |z countries of the world  |2 eczenas 
650 0 9 |a diving  |z countries of the world  |2 eczenas 
650 0 9 |a marine biotopes  |z countries of the world  |2 eczenas 
655 7 |a průvodce  |7 fd133154  |2 czenas 
655 9 |a guidebooks  |2 eczenas 
700 1 |a Leydet, Anthony  |7 mzk20251282813  |4 aut  |4 pht 
700 1 |a Oudon, Olivier  |7 mzk20251282816  |4 aut 
700 1 |a Quirion, Florine  |7 mzk20251282817  |4 aut  |4 pht 
700 1 |a Riou, Anne  |7 mzk20251282822  |4 aut 
700 1 |a Klimšová, Zuzana  |7 ola2018997312  |4 trl 
710 2 |a Svojtka & Co. (nakladatelství)  |7 ko20251261577  |4 pbl 
830 0 |a Lonely Planet (Svojtka & Co.)  |0 s 
910 2 |a BOA001  |b 3-1555.138 
990 |a BK 
995 |a 01 
991 |b 202512  |c NOV 
996 6 |b 2611019839  |c 3-1555.138  |l MZK  |r Sklad / do 1 hodiny  |n 2  |p p.v.  |w 002028021  |u 000010  |a 1  |e BOA001  |j MZK50  |s P